000
00256nam a2200097Ia 4500
001
645284
005
20250826153620.0
008
250824s9999 xx 000 0 und d
245
0
_a
MÜSLÜMANLARIN TARİHİ 2
_c
İHSAN SÜREYYA SIRMA
260
_b
BEYAN YAYINLARI
999
_c
645284
_d
645284